[Event "North American op 33rd"]
[Site "Las Vegas"]
[Date "2023.12.28"]
[Round "6"]
[White "Liang, Jason"]
[Black "Burke, John M"]
[Result "1/2-1/2"]
[WhiteElo "2446"]
[BlackElo "2584"]
[PlyCount "126"]
[EventDate "2023.12.26"]
[EventType "swiss"]
[EventRounds "9"]
[EventCountry "USA"]
[SourceTitle "CB01_2024"]
[SourceDate "2024.01.03"]
[SourceVersion "1"]
[SourceVersionDate "2024.01.03"]
[SourceQuality "1"]

1. e4 e5 2. Nf3 Nc6 3. Bc4 Nf6 4. d3 Bc5 5. c3 d6 6. 0-0 a6 7. a4 Ba7 8. Re1 0-0 9. h3 h6 10. Nbd2 Be6 11. Bxe6 fxe6 12. b4 Ne7 13. Nf1 Ng6 14. Be3 Bxe3 15. Rxe3 Nf4 16. Kh2 g5 17. Ng1 Qe7 18. g3 Ng6 19. Kg2 Rf7 20. Nh2 Raf8 21. Ngf3 Nd7 22. Ra2 h5 23. d4 Qf6 24. a5 Rg7 25. Kh1 Rh7 26. Kg2 Rff7 27. Re1 Rfg7 28. Ng1 Qe7 29. Rb2 Nf6 30. b5 axb5 31. Rxb5 c6 32. Rb6 h4 33. Ng4 hxg3 34. fxg3 exd4 35. a6 bxa6 36. Rb8+ Kf7 37. Rf1 Nf4+ 38. gxf4 gxf4 39. Rxf4 e5 40. Qb3+ d5 41. Rb7 exf4 42. Rxe7+ Kxe7 43. Qb7+ Kd8 44. Qb8+ Kd7 45. e5 Nxg4 46. Qd6+ Kc8 47. Qxc6+ Kb8 48. hxg4 Rxg4+ 49. Kf2 Rh2+ 50. Kf1 Rgg2 51. Qb6+ Kc8 52. Qxa6+ Kc7 53. Qd6+ Kc8 54. Qc5+ Kb8 55. Qf8+ Kb7 56. Qf7+ Kb8 57. Qe8+ Kc7 58. Qe7+ Kc8 59. Qc5+ Kb8 60. Qb5+ Kc7 61. Qa5+ Kc8 62. Qc5+ Kb8 63. Qa5 Rf2+ 1/2-1/2

[Event "Sunnyvale Silicon Valley Fall op"]
[Site "Sunnyvale"]
[Date "2023.09.04"]
[Round "8"]
[White "Liang, Jason"]
[Black "Matviishen, Viktor"]
[Result "0-1"]
[WhiteElo "2450"]
[BlackElo "2539"]
[PlyCount "118"]
[EventDate "2023.08.31"]
[EventType "swiss"]
[EventRounds "9"]
[EventCountry "USA"]
[SourceTitle "EXT 2024"]
[Source "ChessBase"]
[SourceDate "2023.10.10"]
[SourceVersion "1"]
[SourceVersionDate "2023.10.10"]
[SourceQuality "1"]

1. e4 c5 2. Nf3 d6 3. d4 cxd4 4. Nxd4 Nf6 5. Nc3 a6 6. h3 e5 7. Nf3 Be7 8. g4 h6 9. Rg1 Be6 10. g5 hxg5 11. Nxg5 Nc6 12. Nxe6 fxe6 13. Rxg7 Qd7 14. Be3 0-0-0 15. Qf3 Nd4 16. Bxd4 exd4 17. Na4 Qxa4 18. Rxe7 Qb4+ 19. Ke2 Nd7 20. Qb3 Qc5 21. Ke1 Kb8 22. Rd1 Rhf8 23. Rd2 Qg5 24. Rh7 Nc5 25. Qb6 Rxf2 26. Rxf2 Qc1+ 27. Ke2 Qxc2+ 28. Ke1 Qc1+ 29. Ke2 Qe3+ 30. Kd1 Qxf2 31. Qxd8+ Ka7 32. Be2 Qg1+ 33. Kc2 Qe3 34. Kd1 Qg1+ 35. Kc2 Qe3 36. Kd1 d3 37. Bg4 Qg1+ 38. Kd2 Qf2+ 39. Kc3 Qe1+ 40. Kd4 Qxe4+ 41. Kc3 Qxh7 42. b4 Qg7+ 43. Kd2 Qb2+ 44. Ke3 Qe5+ 45. Kd2 Qf4+ 46. Kc3 Ne4+ 47. Kxd3 d5 48. Kd4 Nf2+ 49. Kc3 Qc4+ 50. Kd2 Nxg4 51. hxg4 Qxb4+ 52. Kc2 Qxg4 53. Qd6 Qc4+ 54. Kb2 d4 55. a4 a5 56. Qd7 e5 57. Qe8 Qc3+ 58. Kb1 d3 59. Qd7 Qd4 0-1

[Event "Casablanca Mohammed op 4th"]
[Site "Casablanca"]
[Date "2023.08.18"]
[Round "8"]
[White "Reimanis, Ritvars"]
[Black "Liang, Jason"]
[Result "1-0"]
[WhiteElo "2357"]
[BlackElo "2474"]
[PlyCount "119"]
[EventDate "2023.08.14"]
[EventType "swiss"]
[EventRounds "9"]
[EventCountry "MAR"]
[SourceTitle "CBM 215 Extra"]
[Source "ChessBase"]
[SourceDate "2023.09.30"]
[SourceVersion "1"]
[SourceVersionDate "2023.09.30"]
[SourceQuality "1"]

1. d4 d5 2. Nf3 Nf6 3. c4 e6 4. Nc3 c6 5. e3 Nbd7 6. Qc2 Bd6 7. b3 0-0 8. Bb2 e5 9. dxe5 Nxe5 10. cxd5 cxd5 11. Nxe5 Bxe5 12. Bd3 d4 13. exd4 Bxd4 14. 0-0-0 Be6 15. Kb1 Rc8 16. Qd2 g6 17. Bc4 Bf5+ 18. Ka1 Be5 19. Qe3 Qc7 20. Nb5 Bxb2+ 21. Kxb2 Ng4 22. Qxa7 Qf4 23. Qd4 Qxf2+ 24. Rd2 Qxd4+ 25. Rxd4 Ne3 26. Nd6 Rc5 27. Rc1 Nxc4+ 28. Rcxc4 Rxc4 29. bxc4 Bd7 30. Nxb7 Bc6 31. Nd8 Bxg2 32. c5 Re8 33. c6 Re2+ 34. Kb3 Re7 35. Kb4 Kf8 36. Kb5 Re2 37. a4 Ke7 38. Kb6 Rb2+ 39. Kc7 f5 40. a5 Bf1 41. Rd7+ Kf6 42. Nb7 f4 43. Kd8 Bg2 44. a6 Bxc6 45. Rd6+ Ke5 46. Rxc6 Ra2 47. Rc5+ Kd4 48. Ra5 Rxa5 49. Nxa5 f3 50. Nb3+ Kc3 51. Nc5 Kd4 52. Ne4 Kxe4 53. a7 f2 54. a8Q+ Ke3 55. Qg2 Ke2 56. Ke7 Ke1 57. Qe4+ Kf1 58. Qf3 h5 59. h4 Kg1 60. Qg3+ 1-0

[Event "USA-ch U20"]
[Site "Saint Louis"]
[Date "2023.07.24"]
[Round "9"]
[White "Stearman, Josiah P"]
[Black "Liang, Jason"]
[Result "1-0"]
[WhiteElo "2444"]
[BlackElo "2499"]
[PlyCount "101"]
[EventDate "2023.07.15"]
[EventType "tourn"]
[EventRounds "9"]
[EventCountry "USA"]
[EventCategory "9"]
[SourceTitle "CBM 215 Extra"]
[Source "ChessBase"]
[SourceDate "2023.09.30"]
[SourceVersion "1"]
[SourceVersionDate "2023.09.30"]
[SourceQuality "1"]

1. Nf3 Nf6 2. c4 e6 3. Nc3 d5 4. e3 Bd6 5. d4 b6 6. Qc2 a6 7. e4 dxe4 8. Nxe4 Bb4+ 9. Nc3 0-0 10. Be2 Bb7 11. 0-0 Nbd7 12. Rd1 Qe7 13. Bg5 h6 14. Bh4 Bd6 15. a3 g5 16. Bg3 Bxg3 17. hxg3 c5 18. d5 exd5 19. cxd5 b5 20. Qf5 b4 21. d6 Qe6 22. Qxe6 fxe6 23. Na4 Ne4 24. Bc4 Rf6 25. axb4 cxb4 26. Rac1 Rc8 27. g4 Kf7 28. Nd4 Ne5 29. Nb6 Rb8 30. Bxe6+ Rxe6 31. Rc7+ Kf6 32. Nxe6 Kxe6 33. Re7+ Kf6 34. Nd5+ Bxd5 35. Rxd5 Rb5 36. Rdxe5 Rxe5 37. Rxe5 Nxd6 38. Ra5 Nc4 39. Rxa6+ Ke5 40. b3 Nd2 41. Rb6 Nxb3 42. Rxb4 Nd4 43. Rb6 Ne6 44. g3 Kd5 45. Rb8 Nd4 46. Rd8+ Ke4 47. Kg2 Nf3 48. Re8+ Ne5 49. Re6 Kd5 50. Rxh6 Nxg4 51. Rg6 1-0

[Event "USA-ch U20"]
[Site "Saint Louis"]
[Date "2023.07.18"]
[Round "4"]
[White "Liang, Jason"]
[Black "Ghazarian, Kirk Vagho"]
[Result "1-0"]
[WhiteElo "2499"]
[BlackElo "2469"]
[PlyCount "89"]
[EventDate "2023.07.15"]
[EventType "tourn"]
[EventRounds "9"]
[EventCountry "USA"]
[EventCategory "9"]
[SourceTitle "CBM 215 Extra"]
[Source "ChessBase"]
[SourceDate "2023.09.30"]
[SourceVersion "1"]
[SourceVersionDate "2023.09.30"]
[SourceQuality "1"]

1. e4 e5 2. Nf3 Nc6 3. Bb5 a6 4. Ba4 Nf6 5. 0-0 Be7 6. d3 b5 7. Bb3 d6 8. a4 Bd7 9. c3 0-0 10. Bc2 h6 11. Nbd2 Re8 12. Re1 Bf8 13. h3 Ne7 14. d4 Ng6 15. Nf1 c5 16. d5 Nh5 17. Kh2 Nhf4 18. Ng1 Ne7 19. g3 Nfg6 20. Ne3 Qc8 21. Bd2 Nh8 22. Qf3 f6 23. h4 Nf7 24. Ne2 Qb7 25. b3 bxa4 26. bxa4 Qc7 27. Rg1 Rab8 28. Bc1 Qc8 29. g4 Qd8 30. Ng3 Nc8 31. Nh5 f5 32. Nxf5 Bxf5 33. gxf5 Qxh4+ 34. Kg2 Ng5 35. Bxg5 Qxg5+ 36. Kh3 Qd8 37. f6 Qd7+ 38. Qf5 Qxf5+ 39. exf5 Rb2 40. fxg7 Be7 41. Bd3 Rxf2 42. Raf1 Rxf1 43. Rxf1 Bg5 44. f6 Kf7 45. Bf5 1-0

[Event "World op 51st"]
[Site "Philadelphia"]
[Date "2023.07.01"]
[Round "2"]
[White "Slade, Theodore"]
[Black "Liang, Jason"]
[Result "0-1"]
[WhiteElo "1992"]
[BlackElo "2527"]
[PlyCount "92"]
[EventDate "2023.06.30"]
[EventType "swiss"]
[EventRounds "9"]
[EventCountry "USA"]
[SourceTitle "CBM 215 Extra"]
[Source "ChessBase"]
[SourceDate "2023.09.30"]
[SourceVersion "1"]
[SourceVersionDate "2023.09.30"]
[SourceQuality "1"]

1. d4 Nf6 2. c4 e6 3. g3 Bb4+ 4. Bd2 Be7 5. Bg2 d5 6. Nf3 0-0 7. 0-0 Nbd7 8. Qc2 c6 9. Bf4 a5 10. Rd1 a4 11. Ne5 Nxe5 12. dxe5 Nd7 13. cxd5 cxd5 14. e4 d4 15. Rxd4 b5 16. Nc3 Qb6 17. Rad1 Nc5 18. Bf1 Ba6 19. a3 Nb3 20. Rd6 Bxd6 21. exd6 f6 22. e5 Nd4 23. Rxd4 Qxd4 24. Bd3 f5 25. Nxb5 Bxb5 26. Bxb5 Rfb8 27. d7 Rxb5 28. Qc8+ Kf7 29. Qxa8 Qd1+ 30. Kg2 Qd5+ 31. Qxd5 Rxd5 32. Be3 Ke7 33. f4 Kxd7 34. Kf3 Kc6 35. Ke2 Kb5 36. Bd2 Kc4 37. Bc3 Kb3 38. h3 Kc2 39. Ke1 Rd3 40. Kf2 g6 41. h4 Kb3 42. h5 gxh5 43. Kg2 h4 44. gxh4 Rxc3 45. bxc3 Kxa3 46. Kf3 Kb3 0-1

[Event "Saint Louis Spring-B"]
[Site "Saint Louis"]
[Date "2023.04.10"]
[Round "6"]
[White "Kantor, Gergely"]
[Black "Liang, Jason"]
[Result "0-1"]
[WhiteElo "2532"]
[BlackElo "2530"]
[PlyCount "116"]
[EventDate "2023.04.05"]
[EventType "tourn"]
[EventRounds "9"]
[EventCountry "USA"]
[EventCategory "11"]
[SourceTitle "CBM 213 Extra"]
[Source "ChessBase"]
[SourceDate "2023.05.31"]
[SourceVersion "1"]
[SourceVersionDate "2023.05.31"]
[SourceQuality "1"]

1. d4 d5 2. c4 e6 3. Nf3 c6 4. Nc3 dxc4 5. a4 Bb4 6. e3 b5 7. Bd2 a5 8. axb5 Bxc3 9. Bxc3 cxb5 10. b3 Bb7 11. bxc4 b4 12. Bb2 Nf6 13. Bd3 0-0 14. 0-0 Nbd7 15. Nd2 Nc5 16. Bc2 Nce4 17. f3 Nxd2 18. Qxd2 Qe7 19. e4 Rfc8 20. e5 Nd7 21. f4 g6 22. c5 Bd5 23. Ba4 Nb8 24. h3 h5 25. Rae1 Nc6 26. Re3 h4 27. Kh2 Kf8 28. Ra1 Qd8 29. Qd3 Ne7 30. Ree1 Bc6 31. Bxc6 Rxc6 32. Qb5 Rca6 33. Ra4 Qe8 34. Qxe8+ Kxe8 35. Kg1 Nd5 36. Bc1 Kd7 37. Bd2 Kc6 38. Rea1 Kb5 39. Kf2 Kc4 40. Rc1+ Kd3 41. Be1 Ke4 42. Bd2 Rc6 43. Rd1 Rcc8 44. Ke2 Rcb8 45. Rc1 Kxd4 46. Kf3 Rc8 47. Be1 g5 48. fxg5 Kxe5 49. g4 hxg3 50. Bxg3+ Kf5 51. Be1 e5 52. c6 Nf4 53. Bd2 Nd3 54. Rf1 Rxc6 55. Ke3+ Nf4 56. Bxb4 Rd8 57. Rxa5 Rd3+ 58. Kf2 Rc2+ 0-1

[Event "Saint Louis Spring-B"]
[Site "Saint Louis"]
[Date "2023.04.09"]
[Round "5"]
[White "Liang, Jason"]
[Black "Ghazarian, Kirk Vagho"]
[Result "1-0"]
[WhiteElo "2530"]
[BlackElo "2475"]
[PlyCount "157"]
[EventDate "2023.04.05"]
[EventType "tourn"]
[EventRounds "9"]
[EventCountry "USA"]
[EventCategory "11"]
[SourceTitle "CBM 213 Extra"]
[Source "ChessBase"]
[SourceDate "2023.05.31"]
[SourceVersion "1"]
[SourceVersionDate "2023.05.31"]
[SourceQuality "1"]

1. e4 e5 2. Nf3 Nc6 3. Bc4 Bc5 4. d3 Nf6 5. c3 d6 6. 0-0 a5 7. Re1 0-0 8. Nbd2 Be6 9. Bb5 Ba7 10. Nf1 Ne7 11. Ba4 Ng6 12. h3 c6 13. Bc2 d5 14. exd5 Nxd5 15. Ng3 Qc7 16. Nh5 Rae8 17. a3 Bc8 18. c4 Nde7 19. b4 Nf5 20. Bb2 Bb8 21. c5 Nd4 22. Nxd4 exd4 23. Ng3 Qf4 24. Re4 Rxe4 25. dxe4 Rd8 26. Bd3 Qh4 27. Nf5 Bxf5 28. exf5 Nf4 29. Bf1 d3 30. Qg4 Qxg4 31. hxg4 Ne2+ 32. Kh1 axb4 33. axb4 f6 34. Rd1 Kf7 35. g3 Be5 36. Ba3 Bc3 37. Kg2 Rd4 38. Rb1 Bd2 39. b5 Rxg4 40. Rd1 Ra4 41. Bb2 Bc3 42. Rxd3 Bxb2 43. Rd7+ Kf8 44. Bxe2 Re4 45. Bh5 Rb4 46. b6 g6 47. fxg6 hxg6 48. Bxg6 Bd4 49. Rxb7 Bxc5 50. Rf7+ Ke8 51. Rxf6+ Kd8 52. Rxc6 Bxb6 53. f4 Ke7 54. Bf5 Kf8 55. Bd3 Bd4 56. Kf3 Rb6 57. Rc7 Re6 58. Be4 Re7 59. Rc4 Bb2 60. g4 Kg7 61. g5 Ra7 62. Rc6 Ra3+ 63. Kg4 Ra4 64. Kf5 Ra5+ 65. Ke6 Ra4 66. Rc7+ Kf8 67. Kf5 Rd4 68. Rc2 Ba1 69. Re2 Kg7 70. Ke6 Ra4 71. f5 Ra6+ 72. Kd7 Ra7+ 73. Kd6 Ra4 74. Bd5 Rf4 75. Re7+ Kf8 76. Rf7+ Ke8 77. f6 Rf5 78. Rg7 Be5+ 79. Ke6 1-0

[Event "Saint Louis Spring-B"]
[Site "Saint Louis"]
[Date "2023.04.08"]
[Round "4"]
[White "Budisavljevic, Luka"]
[Black "Liang, Jason"]
[Result "1/2-1/2"]
[WhiteElo "2488"]
[BlackElo "2530"]
[PlyCount "94"]
[EventDate "2023.04.05"]
[EventType "tourn"]
[EventRounds "9"]
[EventCountry "USA"]
[EventCategory "11"]
[SourceTitle "CBM 213 Extra"]
[Source "ChessBase"]
[SourceDate "2023.05.31"]
[SourceVersion "1"]
[SourceVersionDate "2023.05.31"]
[SourceQuality "1"]

1. c4 c6 2. Nf3 d5 3. d4 Nf6 4. e3 Bf5 5. Nc3 e6 6. Nh4 Be4 7. f3 Bg6 8. Bd2 Be7 9. Nxg6 hxg6 10. Qc2 Nbd7 11. 0-0-0 a6 12. g4 dxc4 13. Bxc4 c5 14. Kb1 b5 15. Be2 cxd4 16. exd4 Nb6 17. h4 Rc8 18. Qd3 Nfd5 19. Nxd5 Qxd5 20. f4 Rxh4 21. Rxh4 Bxh4 22. Bf3 Qc4 23. Qe4 f5 24. Qe3 Nd5 25. Qxe6+ Ne7 26. Qe3 Kf7 27. Rc1 Qe6 28. Rh1 Qxe3 29. Bxe3 Bg3 30. Rg1 Bh4 31. d5 Rd8 32. gxf5 Nxf5 33. Bd2 Nd6 34. Ba5 Rd7 35. Bc3 Bf6 36. Be5 Nc4 37. Kc2 Bxe5 38. fxe5 Nxe5 39. Be4 Rc7+ 40. Kd2 Ke7 41. b3 Kd6 42. Ke3 Rc3+ 43. Kd4 Rh3 44. Rc1 Rh2 45. Rc8 Rd2+ 46. Kc3 Re2 47. Kd4 Rd2+ 1/2-1/2

[Event "Saint Louis Spring-B"]
[Site "Saint Louis"]
[Date "2023.04.05"]
[Round "1"]
[White "Liang, Jason"]
[Black "Batsuren, Dambasuren"]
[Result "1/2-1/2"]
[WhiteElo "2530"]
[BlackElo "2525"]
[PlyCount "84"]
[EventDate "2023.04.05"]
[EventType "tourn"]
[EventRounds "9"]
[EventCountry "USA"]
[EventCategory "11"]
[SourceTitle "CBM 213 Extra"]
[Source "ChessBase"]
[SourceDate "2023.05.31"]
[SourceVersion "1"]
[SourceVersionDate "2023.05.31"]
[SourceQuality "1"]

1. e4 e5 2. Nf3 Nc6 3. Bc4 Bc5 4. 0-0 Nf6 5. d3 0-0 6. h3 d6 7. c3 a5 8. Re1 h6 9. Nbd2 a4 10. Nf1 Bd7 11. d4 Ba7 12. Ng3 Re8 13. Bf1 Bb6 14. dxe5 dxe5 15. Qc2 Qe7 16. Bd2 Be6 17. Be3 Bxe3 18. Rxe3 Qc5 19. Ne1 g6 20. Nd3 Qe7 21. Ree1 h5 22. Qc1 Nd7 23. Be2 Red8 24. Rd1 Nf6 25. Qe3 b6 26. Nf1 Nh7 27. Ne1 Rxd1 28. Bxd1 Na5 29. Nd2 Nc4 30. Nxc4 Bxc4 31. Nf3 Nf8 32. Be2 Bxe2 33. Qxe2 Ne6 34. Rd1 c6 35. Qe3 Qc7 36. g3 Kg7 37. Qe2 b5 38. Qc2 Nc5 39. Kg2 f6 40. Ne1 Rd8 41. Rxd8 Qxd8 42. Qe2 Qd6 1/2-1/2

[Event "Los Angeles 1000GM Spring op"]
[Site "Los Angeles"]
[Date "2023.03.21"]
[Round "8"]
[White "Yoo, Christopher Woojin"]
[Black "Liang, Jason"]
[Result "1/2-1/2"]
[WhiteElo "2591"]
[BlackElo "2529"]
[PlyCount "125"]
[EventDate "2023.03.17"]
[EventType "swiss"]
[EventRounds "9"]
[EventCountry "USA"]
[SourceTitle "CBM 213 Extra"]
[Source "ChessBase"]
[SourceDate "2023.05.31"]
[SourceVersion "1"]
[SourceVersionDate "2023.05.31"]
[SourceQuality "1"]

1. d4 d5 2. Nf3 e6 3. c4 a6 4. g3 dxc4 5. Bg2 Nc6 6. 0-0 Rb8 7. Be3 b5 8. Ne5 Nxe5 9. dxe5 Bb7 10. Qxd8+ Kxd8 11. Ba7 Bxg2 12. Rd1+ Kc8 13. Bxb8 Bc6 14. Ba7 Ne7 15. b3 cxb3 16. axb3 Kb7 17. Bc5 Ng6 18. Bxf8 Rxf8 19. f4 Ne7 20. b4 Kb6 21. Ra3 Ra8 22. Nd2 Be8 23. Kf2 Nc6 24. Rb1 Rd8 25. Rd3 Rb8 26. e4 a5 27. bxa5+ Nxa5 28. f5 c5 29. fxe6 fxe6 30. Rd6+ Bc6 31. Rxe6 c4 32. Rc1 Kc5 33. Ra1 Nb7 34. Ke2 Rc8 35. Rc1 Kd4 36. Rd1 b4 37. Re7 Kc5 38. e6 Nd6 39. Rxg7 b3 40. Nxb3+ cxb3 41. Rg5+ Kb6 42. Rxd6 b2 43. Rd1 Bxe4 44. Rd6+ Kc7 45. Rd1 Rb8 46. Rc5+ Kb6 47. Rc4 b1Q 48. Rxb1+ Bxb1 49. Ke3 Kb5 50. Rc7 Rb6 51. Kd4 Rxe6 52. Rb7+ Rb6 53. Rxb6+ Kxb6 54. g4 Bc2 55. h4 Kc6 56. Ke5 Bd1 57. g5 Kd7 58. Kf6 Ke8 59. Kg7 Bc2 60. h5 Ke7 61. g6 hxg6 62. hxg6 Bxg6 63. Kxg6 1/2-1/2

[Event "North American op 32nd"]
[Site "Las Vegas"]
[Date "2022.12.28"]
[Round "6"]
[White "Khanin, Semen"]
[Black "Liang, Jason"]
[Result "1-0"]
[WhiteElo "2575"]
[BlackElo "2514"]
[PlyCount "119"]
[EventDate "2022.12.26"]
[EventType "swiss"]
[EventRounds "9"]
[EventCountry "USA"]
[SourceTitle "CBM 211 Extra"]
[Source "ChessBase"]
[SourceDate "2023.01.31"]
[SourceVersion "1"]
[SourceVersionDate "2023.01.31"]
[SourceQuality "1"]

1. d4 Nf6 2. c4 g6 3. Nc3 Bg7 4. e4 d6 5. Be2 0-0 6. Be3 e5 7. d5 Na6 8. h4 Nc5 9. Qc2 c6 10. Bxc5 dxc5 11. h5 cxd5 12. cxd5 Ne8 13. h6 Bf6 14. Nf3 Nd6 15. Nd2 a6 16. a4 Bd7 17. a5 Nb5 18. Nc4 Nd4 19. Qd1 Bb5 20. Bd3 Re8 21. Kf1 Bg5 22. Ne2 Qf6 23. Nxd4 cxd4 24. g3 Rac8 25. b3 Rc5 26. Kg2 Bxc4 27. bxc4 Rb8 28. Ra2 Qd8 29. Qg4 Be7 30. f4 Bd6 31. Rf2 Qe7 32. Ra1 Bc7 33. Rfa2 Rf8 34. Rb1 Rb8 35. Rab2 Bd6 36. Rb6 Qc7 37. Qg5 exf4 38. e5 f3+ 39. Kxf3 Bf8 40. d6 Qd7 41. e6 Rxg5 42. exd7 Rd8 43. Rxb7 Bxd6 44. R1b6 Rxg3+ 45. Ke4 Bf8 46. Rc6 Re3+ 47. Kxd4 Re7 48. Rcc7 Bxh6 49. c5 Bf4 50. c6 Bxc7 51. Rxc7 Kf8 52. Rc8 Rexd7+ 53. cxd7 Ke7 54. Rxd8 Kxd8 55. Bxa6 Kxd7 56. Kc5 Kc7 57. Bc4 Kb7 58. Bxf7 Ka6 59. Kb4 g5 60. Bh5 1-0

[Event "North American op 32nd"]
[Site "Las Vegas"]
[Date "2022.12.26"]
[Round "1"]
[White "Atwell, Rose"]
[Black "Liang, Jason"]
[Result "0-1"]
[WhiteElo "1956"]
[BlackElo "2514"]
[PlyCount "100"]
[EventDate "2022.12.26"]
[EventType "swiss"]
[EventRounds "9"]
[EventCountry "USA"]
[SourceTitle "CBM 211 Extra"]
[Source "ChessBase"]
[SourceDate "2023.01.31"]
[SourceVersion "1"]
[SourceVersionDate "2023.01.31"]
[SourceQuality "1"]

1. e4 c5 2. Nf3 e6 3. b3 b6 4. Bb2 Bb7 5. Nc3 Nc6 6. d4 cxd4 7. Nxd4 Nf6 8. Nxc6 Bxc6 9. Bd3 Bb4 10. 0-0 Qc7 11. Qe2 Qe5 12. Nd1 Qh5 13. f3 Qc5+ 14. Kh1 Ba3 15. Bxa3 Qxa3 16. Ne3 0-0 17. e5 Nd5 18. Nxd5 Bxd5 19. c4 Bc6 20. Rfd1 Rad8 21. Be4 Bxe4 22. Qxe4 d6 23. Qd4 d5 24. Rd2 Qe7 25. Rad1 g6 26. Qf4 dxc4 27. Qxc4 Rxd2 28. Rxd2 Rd8 29. Rd4 Kg7 30. h3 h5 31. Kh2 Rxd4 32. Qxd4 Qg5 33. Kg1 Qf5 34. Kh2 g5 35. h4 gxh4 36. Qe3 Kg6 37. Kg1 Qg5 38. Qe4+ Kg7 39. Kh1 Qg3 40. a4 h3 41. gxh3 Qxh3+ 42. Kg1 Qg3+ 43. Kh1 h4 44. b4 h3 45. f4 Kh6 46. a5 bxa5 47. bxa5 Kh5 48. a6 Qg2+ 49. Qxg2 hxg2+ 50. Kxg2 Kg4 0-1

[Event "Waterloo Maplewood"]
[Site "Waterloo"]
[Date "2022.11.16"]
[Round "3"]
[White "Liang, Jason"]
[Black "Sai, Krishna GV"]
[Result "1-0"]
[WhiteElo "2492"]
[BlackElo "2396"]
[PlyCount "119"]
[EventDate "2022.11.14"]
[EventType "tourn"]
[EventRounds "9"]
[EventCountry "CAN"]
[EventCategory "9"]
[SourceTitle "CBM 211 Extra"]
[Source "ChessBase"]
[SourceDate "2023.01.31"]
[SourceVersion "1"]
[SourceVersionDate "2023.01.31"]
[SourceQuality "1"]

1. e4 e5 2. Nf3 Nc6 3. Bc4 Nf6 4. d3 h6 5. 0-0 d6 6. c3 g6 7. d4 Qe7 8. Re1 Bg7 9. a4 0-0 10. d5 Nb8 11. a5 Nh5 12. b4 Nf4 13. Bf1 g5 14. c4 Na6 15. Ba3 Kh8 16. Nc3 Rg8 17. c5 Bf8 18. Nd2 g4 19. g3 Nh3+ 20. Bxh3 gxh3 21. Qe2 dxc5 22. bxc5 Qf6 23. Na4 c6 24. Nc4 Bg4 25. Qe3 cxd5 26. exd5 Qf3 27. Qxf3 Bxf3 28. Nxe5 Bxd5 29. Nc3 Be6 30. Ne4 Rc8 31. Rac1 Nb8 32. Bb2 Bg7 33. Nd6 Rc7 34. Nb5 Re7 35. f4 Nc6 36. Nxc6 bxc6 37. Bxg7+ Kxg7 38. Nd6 Kf6 39. Rb1 Bd5 40. Rxe7 Kxe7 41. Nf5+ Kf6 42. Nxh6 Re8 43. Kf2 Be6 44. g4 Kg6 45. f5+ Kxh6 46. fxe6 Rxe6 47. Rb7 Re5 48. Rxa7 Rxc5 49. Rxf7 Rxa5 50. Kg3 Ra3+ 51. Kh4 Kg6 52. Rd7 c5 53. Rd6+ Kf7 54. Rc6 Rc3 55. g5 c4 56. g6+ Kf8 57. Kg5 Rc2 58. Kh6 Rxh2 59. g7+ Kf7 60. Rc7+ 1-0

[Event "PNWCC vs Europe Hybrid 08"]
[Site "Chess.com INT"]
[Date "2022.08.21"]
[Round "6"]
[White "Stojanovic, Dalibor"]
[Black "Liang, Jason"]
[Result "1/2-1/2"]
[WhiteElo "2486"]
[BlackElo "2446"]
[PlyCount "44"]
[EventDate "2022.08.19"]
[EventType "team-match"]
[EventRounds "8"]
[EventCountry "USA"]
[SourceTitle "EXT 2024"]
[Source "ChessBase"]
[SourceDate "2023.10.10"]
[SourceVersion "1"]
[SourceVersionDate "2023.10.10"]
[SourceQuality "1"]
[WhiteTeam "Europe"]
[BlackTeam "PNWCC"]
[BlackTeamCountry "USA"]

1. e4 c6 2. d4 d5 3. Nc3 dxe4 4. Nxe4 Nf6 5. Nxf6+ exf6 6. Bc4 Na6 7. c3 Nc7 8. Ne2 Bd6 9. Bf4 0-0 10. 0-0 Re8 11. Bg3 g6 12. Re1 Be6 13. Bxe6 Nxe6 14. Qb3 Rb8 15. Rad1 Bxg3 16. hxg3 Qa5 17. Nf4 Nxf4 18. gxf4 Qc7 19. g3 Qd7 20. Rxe8+ Rxe8 21. c4 h5 22. Qf3 Kg7 1/2-1/2